5HLuxD.jpg

KING HENRY VIII SENIOR AND PRIMARY SCHOOL LIBRARY OPAC

FINDING NEMO (Record no. 4639)

000 -LEADER
fixed length control field 00352nam a22001217a 4500
008 - FIXED-LENGTH DATA ELEMENTS--GENERAL INFORMATION
fixed length control field 250306b ||||| |||| 00| 0 eng d
020 ## - INTERNATIONAL STANDARD BOOK NUMBER
International Standard Book Number 9781474860703
082 ## - DEWEY DECIMAL CLASSIFICATION NUMBER
Classification number FIC DIS
100 ## - MAIN ENTRY--PERSONAL NAME
Personal name DISNEY
245 ## - TITLE STATEMENT
Title FINDING NEMO
260 ## - PUBLICATION, DISTRIBUTION, ETC.
Place of publication, distribution, etc. CHARTIST HOUSE,15-17 TRIM STREET,BATH BA1 1HA,UK
Name of publisher, distributor, etc. ADVANTAGE QUEST PUBLICATIONS,PARRAGON BOOKS LTD
Date of publication, distribution, etc. 2017
942 ## - ADDED ENTRY ELEMENTS (KOHA)
Source of classification or shelving scheme
Holdings
Withdrawn status Lost status Source of classification or shelving scheme Damaged status Not for loan Collection code Permanent Location Current Location Shelving location Date acquired Cost, normal purchase price Total Checkouts Full call number Barcode Date last seen Date last checked out Cost, replacement price Price effective from Koha item type Public note
          Fiction KH8 Primary School Library KH8 Primary School Library Fiction 2025-03-06 15.90 2 E FIC DIS KHPL000006454 2025-12-05 2025-05-05 25.90 2025-03-06 Books - Fiction KH8 PRIMARY LIBRARY

Powered By KH8 IT Dept